|
|
|
|
| LEADER |
01550nam a2200349 a 4500 |
| 001 |
000056507 |
| 003 |
CZ BrMZK |
| 005 |
20220112123902.0 |
| 007 |
ta |
| 008 |
950313s1995 xr f cze d |
| 015 |
|
|
|a cnb000114399
|
| 020 |
|
|
|a 80-210-1247-1
|
| 040 |
|
|
|a BOA001
|b cze
|
| 080 |
|
|
|a 371.1(437.1)
|2 MRF
|
| 100 |
1 |
|
|a Malach, Antonín,
|d 1926-2023
|7 mzk2003171414
|4 aut
|
| 245 |
1 |
0 |
|a Transformace řízení školství ČR /
|c Antonín Malach
|
| 250 |
|
|
|a Vyd. 1.
|
| 260 |
|
|
|a Brno :
|b Vydavatelství Masarykovy univerzity,
|c 1995
|
| 300 |
|
|
|a 147 s. :
|b il. ;
|c 24 cm
|
| 504 |
|
|
|a Obsahuje bibliografii
|
| 653 |
0 |
|
|a školství
|a Česko
|
| 710 |
2 |
|
|a Masarykova univerzita.
|b Ekonomicko-správní fakulta
|7 kn20010709273
|
| 910 |
|
|
|a BOA001
|b 2-1016.195
|b PK-0124.675
|
| 920 |
|
|
|a 000063665
|
| 964 |
|
|
|a Školství
|x řízení
|x transformace
|y Česko
|
| 990 |
|
|
|a BK
|
| 996 |
7 |
|
|b 2610031048
|c 2-1016.195
|l MZK
|r Sklad / do 1 hodiny
|n 16
|p p.v.
|w 000056507
|u 000010
|a 1
|e BOA001
|j MZK50
|s A
|
| 996 |
6 |
|
|b 2610032309
|c 2-1016.195
|l MZK
|r Sklad / do 1 hodiny
|n 3
|p kup
|w 000056507
|u 000020
|a 1
|e BOA001
|j MZK50
|s P
|
| 996 |
7 |
|
|b 2610032310
|c 2-1016.195
|l MZK
|r Sklad / do 1 hodiny
|n 16
|p kup
|w 000056507
|u 000030
|a 1
|e BOA001
|j MZK50
|s A
|
| 996 |
7 |
|
|b 3119002784
|c PK-0124.675
|l MZK
|r Sklad / do 1 hodiny
|n 8
|p kup
|w 000056507
|u 000040
|a 1
|e BOA001
|j MZK50
|s A
|
| 996 |
7 |
|
|b 3119002785
|c PK-0124.675
|l MZK
|r Sklad / do 1 hodiny
|n 4
|p kup
|w 000056507
|u 000050
|a 1
|e BOA001
|j MZK50
|s A
|
| 996 |
7 |
|
|b 3119016640
|c PK-0124.675
|l MZK
|r Sklad / do 1 hodiny
|n 5
|p kup
|w 000056507
|u 000060
|a 1
|e BOA001
|j MZK50
|s A
|